00811aaa a2200193 a 450000100060000000300080000600500170001400800410003103500190007204000260009104100080011708200280012510000660015324502230021926000990044230000190054160000320056065000250059278676BD-RjUL20211209083148.0211101s1998 su ||||| |||| 00| 0 ara d a(BD-RjUL)78902 aBD-RjULbengcBD-RjUL aara 223a892.71092bSEH 1998 aسليم، محمد ابراهيم ;; Selim, Mohamed Ibrahim 10aحسان بن ثابت الانصاري : شاعر الرسول.;; hasaan bin thabit aliansarii : shaeir alrasuli. /cمحمد ابراهيم سليم حسان بن ثابت ;; Muhammad Ibrahim Salim Hassan bin Thabet  aالمدينه :bدار الطلائع للنشر والتوزيع والتصدير،c1998 a96 p. ;c22 cm aHassan ibn Thabitd d. 674. aCompanions (Sahaba)